Mainstreaming informal employment and gender in poverty reduction: a handbook for policy-makers and other stakeholders (Record no. 49685)

MARC details
000 -LEADER
fixed length control field 00847nam a2200205 a 4500
008 - FIXED-LENGTH DATA ELEMENTS--GENERAL INFORMATION
fixed length control field 120416s2004 ||||||||||||||||| || u
020 ## - INTERNATIONAL STANDARD BOOK NUMBER
International Standard Book Number 0850927978
050 ## - LIBRARY OF CONGRESS CALL NUMBER
Classification number COMM(02)
100 ## - MAIN ENTRY--PERSONAL NAME
Personal name Chen, Martha Alter
245 10 - TITLE STATEMENT
Title Mainstreaming informal employment and gender in poverty reduction: a handbook for policy-makers and other stakeholders
Statement of responsibility, etc. by Martha Alter Chen, Joann Vanek and Marilyn Carr
260 ## - PUBLICATION, DISTRIBUTION, ETC.
Place of publication, distribution, etc. London:
Name of publisher, distributor, etc. Commonwealth Secretariat
Date of publication, distribution, etc. 2004
300 ## - PHYSICAL DESCRIPTION
Extent xxiii, 248p.: ill.
350 ## - PRICE (NR) (BK AM CF MU VM SE) [OBSOLETE]
Price 0.00
490 ## - SERIES STATEMENT
Series statement New Gender Mainstreaming series on Gender issues
650 ## - SUBJECT ADDED ENTRY--TOPICAL TERM
Topical term or geographic name entry element ECONOMIC DEVELOPMENT--GENDER ASPECTS
650 ## - SUBJECT ADDED ENTRY--TOPICAL TERM
Topical term or geographic name entry element GENDER
700 ## - ADDED ENTRY--PERSONAL NAME
Personal name Carr, Marilyn
700 ## - ADDED ENTRY--PERSONAL NAME
Personal name Vanek, Joann
995 ## - RECOMMENDATION 995 [LOCAL, UNIMARC FRANCE]
-- 0.00
-- CBU-MAIN LIBRARY (Kitwe)
-- 1
-- 0.00
-- 1
-- AVAILABLE
-- International Publications
Holdings
Withdrawn status Lost status Source of classification or shelving scheme Damaged status Not for loan Home library Current library Shelving location Date acquired Total Checkouts Full call number Barcode Date last seen Price effective from Koha item type
          CBU-MAIN LIBRARY, KITWE. CBU-MAIN LIBRARY, KITWE.   11/30/2022   COMM(02) 9020147 11/30/2022 11/30/2022 MONOGRAPH